| 000 | 00558nam a2200169 a 4500 | ||
|---|---|---|---|
| 005 | 20210223132453.0 | ||
| 008 | 140922s1987 ja r 000 0 spa d | ||
| 035 | _aUPN01000199673 | ||
| 049 | _aI | ||
| 050 | 4 |
_aL611 J3.4 _bV5.2 |
|
| 245 | 0 | 3 |
_aLa vida de un alumno de la escuela primaria en Japón / _cSociedad Internacional de Información Educacional Inc. ; tr. José Mata. |
| 260 |
_aTokyo : _bSIIE, _c1987. |
||
| 300 |
_a28 p. : _bil. |
||
| 650 | 4 |
_aEDUCACION - _zJAPON _917340 |
|
| 651 | 4 |
_aJAPON - _xVIDA SOCIAL Y COSTUMBRES _920914 |
|
| 905 | _aInfantil | ||
| 999 |
_c171774 _d171774 |
||